| 000 | 00000nam 2200000za 4500 |
| 001 | 9.578912 |
| 003 | CaOODSP |
| 005 | 20210624190318 |
| 007 | cr ||||||||||| |
| 008 | 150406|2011||||xxc|||||o f|0| 0 eng d |
| 040 | |aCaOODSP|beng |
| 043 | |an-cn--- |
| 086 | 1 |aSE7-3/2011-1E-PDF |
| 245 | 00|aYouth electoral engagement in Canada |h[electronic resource] / |c[by] André Blais and Peter Loewen. |
| 260 | |aOttawa : |bElections Canada, |c2011. |
| 300 | |a26 p. : |bgraphs |
| 490 | 1 |aElections Canada working paper series |
| 500 | |a"January 2011." |
| 590 | |a14-07-Supp|b2014-04-03 |
| 690 | 07|aCitizen participation|2gcpds |
| 690 | 07|aElections|2gcpds |
| 690 | 07|aYouth|2gcpds |
| 710 | 2 |aElections Canada. |
| 775 | 08|tParticipation électorale des jeunes au Canada |w(CaOODSP)9.606645 |
| 830 | #0|aElections Canada working paper series.|w(CaOODSP)9.507757 |
| 856 | 40|ahttp://publications.gc.ca|qPDF|s271 KB|uhttps://publications.gc.ca/collections/collection_2014/elections/SE7-3-2011-1-eng.pdf |